| 000 -LEADER | |
|---|---|
| fixed length control field | 00927nam a22002417a 4500 |
| 005 - DATE AND TIME OF LATEST TRANSACTION | |
| control field | 20250420134816.0 |
| 008 - FIXED-LENGTH DATA ELEMENTS--GENERAL INFORMATION | |
| fixed length control field | 200809b ||||| |||| 00| 0 eng d |
| 020 ## - INTERNATIONAL STANDARD BOOK NUMBER | |
| International Standard Book Number | 9780521734769 |
| 040 ## - CATALOGING SOURCE | |
| Original cataloging agency | KCST |
| Transcribing agency | KCST |
| 082 ## - DEWEY DECIMAL CLASSIFICATION NUMBER | |
| Classification number | 428.2 |
| Item number | Mu Gr |
| 100 ## - MAIN ENTRY--PERSONAL NAME | |
| Personal name | Murphy, Raymond |
| 9 (RLIN) | 4737 |
| 245 ## - TITLE STATEMENT | |
| Title | Grammar in use. Intermediate : |
| Remainder of title | self-study reference and practice for students of North American English : with answers / |
| Statement of responsibility, etc. | Raymond Murphy; William R Smalzer |
| 250 ## - EDITION STATEMENT | |
| Edition statement | 3rd edition |
| 260 ## - PUBLICATION, DISTRIBUTION, ETC. | |
| Place of publication, distribution, etc. | Cambridge ; New York : |
| Name of publisher, distributor, etc. | Cambridge University Press, |
| Date of publication, distribution, etc. | 2009. |
| 300 ## - PHYSICAL DESCRIPTION | |
| Extent | 369 p. |
| 650 ## - SUBJECT ADDED ENTRY--TOPICAL TERM | |
| Topical term or geographic name entry element | English language |
| Form subdivision | Study and teaching |
| -- | Foreign speakers. |
| 9 (RLIN) | 4928 |
| 650 ## - SUBJECT ADDED ENTRY--TOPICAL TERM | |
| Topical term or geographic name entry element | English language |
| Form subdivision | United States |
| -- | Textbooks for foreign speakers. |
| 9 (RLIN) | 4929 |
| 650 ## - SUBJECT ADDED ENTRY--TOPICAL TERM | |
| Topical term or geographic name entry element | English language |
| Form subdivision | United States |
| -- | Grammar |
| -- | Problems, exercises, etc. |
| 9 (RLIN) | 4930 |
| 655 ## - INDEX TERM--GENRE/FORM | |
| Genre/form data or focus term | Textbooks |
| 9 (RLIN) | 4759 |
| 700 ## - ADDED ENTRY--PERSONAL NAME | |
| Personal name | Smalzer, William R |
| 9 (RLIN) | 4931 |
| 942 ## - ADDED ENTRY ELEMENTS (KOHA) | |
| Koha item type | Book |
| 942 ## - ADDED ENTRY ELEMENTS (KOHA) | |
| Source of classification or shelving scheme | Dewey Decimal Classification |
| Withdrawn status | Lost status | Source of classification or shelving scheme | Damaged status | Not for loan | Home library | Current library | Date acquired | Cost, normal purchase price | Total checkouts | Full call number | Barcode | Date last seen | Price effective from | Koha item type |
|---|---|---|---|---|---|---|---|---|---|---|---|---|---|---|
| Dewey Decimal Classification | KCST Library | KCST Library | 09/08/2020 | 8.36 | 428.2 Mu Gr | 1000000631 | 09/08/2020 | 09/08/2020 | Book |